Istituzioni di storia giuridica.

Shranjeno v:
Bibliografske podrobnosti
Glavni avtor: Di Noto Marrella, Sergio (Author)
Format: Knjiga
Jezik:italijanščina
Izdano: Milano, Italia: CEDAM, 2007-2008.
Teme:
Oznake: Označite
Brez oznak, prvi označite!

MARC

LEADER 00000cam a2200000 a 4500
001 UCG9227
003 CL-VaPUC
005 20220822114403.0
008 120302e20080000IT |||||||||||||||||ita|d
999 |c 346791  |d 346789 
020 |a 978-88-13-27342-2 (v.I) 
040 |c Pontificia Universidad Católica de Valparaíso 
082 0 4 |a 340.09 DIN 2007 (v.I)  |2 21 
082 0 4 |a 340.09 DIN 2008 (v.II)  |2 21 
100 0 |a Di Noto Marrella, Sergio  |e author  |9 560709 
245 1 0 |a Istituzioni di storia giuridica. 
260 |a Milano, Italia:   |b CEDAM,   |c 2007-2008. 
300 |a 2 Volúmenes.  
500 |a c.1 Volumen I: Donación Familia Prof. Alejandro Guzmán Brito. 
583 |a last modification  |c 20120302 10:37:00  |k Rodrigo Vera 
650 0 |a Historia del derecho  |9 255109 
650 0 |a Historiografía   |9 257871 
650 0 |a Fuentes del derecho   |9 255162 
942 |c BK  |2 ddc  |n 0 
945 |d 20120302 00:00:00  |a cmena 
952 |0 0  |1 0  |4 0  |6 340_090000000000000_DIN_2008  |7 0  |8 DER_HIS  |9 447615  |a BIBDER  |b BIBDER  |d 2019-11-22  |h v.2  |i 4833929  |o 340.09 DIN 2008  |p 4833929  |r 2023-01-25  |w 2019-11-22  |x Ubicación 4to Piso  |y BK  |z Estos recursos deben solicitarse con anticipación  |k DER 
952 |0 0  |1 0  |2 ddc  |4 0  |6 340_090000000000000_DIN_2007  |7 1  |8 C_AGB  |9 580951  |a BIBDER  |b BIBDER  |d 2022-01-28  |e Donación   |h v.I  |i 5642965  |o 340.09 DIN 2007   |p 5642965  |r 2023-01-25  |t 1  |w 2022-01-28  |y BK_US  |k AGB